000
00248nam a22001217a 4500
003
SGT
082
_a
616.024
_b
M15U
100
_a
UPADHYAY,RAJESH
245
_a
MEDICINE UPDATE 2015
260
_a
INDIA
_b
API
_c
2015
300
_a
1112
942
_2
ddc
_c
BK
999
_c
14092
_d
14092